Felsőoktatás és versenyképesség Magyarországon

Bibliográfiai részletek
Szerző: Menyhárt Mihály
További közreműködők: Janák Katalin
Gál András
Dokumentumtípus: Diplomadolgozat
Megjelent: 2018-12-12
Kulcsszavak:felsőoktatás
gazdasági teljesítmény
hallgatói motivációk
Online Access:http://dolgozattar.uni-bge.hu/19630

MARC

LEADER 00000nta a2200000 i 4500
001 dolg19630
005 20181214153320.0
008 181214s2018 hu om 000 hun d
040 |a BGE Dolgozattár Repozitórium  |b hun 
041 |a hu 
100 1 |a Menyhárt Mihály 
245 1 0 |a Felsőoktatás és versenyképesség Magyarországon  |c Menyhárt Mihály  |h [elektronikus dokumentum] 
260 |c 2018-12-12 
695 |a felsőoktatás 
695 |a gazdasági teljesítmény 
695 |a hallgatói motivációk 
700 1 |a Janák Katalin  |e ths 
700 1 |a Gál András  |e ths 
856 4 0 |u http://dolgozattar.uni-bge.hu/19630/1/Szakdolgozat%20Menyh%C3%A1rt%20Mih%C3%A1ly%20Z9MKEU%281%29.pdf  |z Dokumentum-elérés